| 000 | 00880nam a2200253 i 4500 | ||
|---|---|---|---|
| 001 | bg | ||
| 100 | 1 | _aJASIŃSKI, Adam | |
| 245 | 1 | 0 |
_aNowy kodeks drogowy z komentarzem : _bkompletny wykaz znaków i sygnałów drogowych / _cAdam Jasiński, Wojciech Kotowski, Mariusz Wasiak. |
| 246 | 1 |
_aKodeks drogowy '98 _bkomentarz |
|
| 250 | _aStan prawny na dzień 1 stycznia 1998 r. | ||
| 260 |
_aWarszawa : _bWydaw. Książkowe INFOR, _c1998. |
||
| 300 |
_a403, XXIV s. : _brys. kolor. ; _c21 cm. |
||
| 500 | _aTyt. okł. : "Kodeks drogowy '98 : komentarz". | ||
| 650 | 9 |
_aKomunikacja drogowa _xprawo _zPolska _ystan na 1997 r. |
|
| 700 | 1 | _aKOTOWSKI, Wojciech | |
| 700 | 1 | _aWASIAK, Mariusz | |
| 020 | _a8387261467 | ||
| 040 | _cBPK | ||
| 041 | 0 | _apl | |
| 080 | _a351.811.122(438)(094.4) | ||
| 920 | _a83-87261-46-7 | ||
| 942 | _cKS | ||
| 008 | s pl f |000 0 pol | ||
| 999 |
_c33244 _d33244 |
||